书目信息 |
| 题名: |
有机化学的电子解释
|
|
| 作者: | 门杰 , 曼德尔 著 ;丁辰元 , 陈韶 译 | |
| 分册: | ||
| 出版信息: | 北京 北京师范大学出版社 1983 |
|
| 页数: | 193页 | |
| 开本: | 19cm | |
| 丛书名: | ||
| 单 册: | ||
| 中图分类: | O621.13 | |
| 科图分类: | ||
| 主题词: | 有机化学-电子--解释 , 电子-有机化学--解释 | |
| 电子资源: | ||
| ISBN: | ||
| 000 | 00854nam0 2200289 45 | |
| 001 | 0183012344 | |
| 005 | 20040524145811.4 | |
| 010 | @dCNY0.67 | |
| 091 | @a13243.34 | |
| 100 | @a19950724d1983 em y0chiy0121 ea | |
| 101 | 1 | @achi@ceng |
| 102 | @aCN@b110000 | |
| 105 | @ay z 000yy | |
| 106 | @ar | |
| 200 | 10 | @a有机化学的电子解释@Ayou ji hua xue de dian zi jie shi@f(美)F.M.门杰,L.曼德尔著@g丁辰元,陈韶译 |
| 210 | @a北京@c北京师范大学出版社@d1983 | |
| 215 | @a193页@d19cm | |
| 606 | @a有机化学-电子@x解释 | |
| 606 | @a电子-有机化学@x解释 | |
| 690 | @aO621.13@v3 | |
| 701 | 1 | @a门杰@Amen jie@bF.M.@4著 |
| 701 | 1 | @a曼德尔@Aman de er@bL.@4著 |
| 702 | 0 | @a丁辰元@Ading chen yuan@4译 |
| 702 | 0 | @a陈韶@Achen shao@4译 |
| 801 | 0 | @aCN@b上海图书馆@c20040524 |
| 801 | 2 | @aCN@bNLC@c20040524 |
| 905 | @f5@b241432-436@f1@b115819@dO621.13@e15 | |
| 有机化学的电子解释/(美)F.M.门杰,L.曼德尔著/丁辰元,陈韶译.-北京:北京师范大学出版社,1983 |
| 193页;19cm |
| ISBN :CNY0.67 |
| ● |
| 相关链接 |
|
|
|
|
正题名:有机化学的电子解释
索取号:O621.13/15
 
预约/预借
| 序号 | 登录号 | 条形码 | 馆藏地/架位号 | 状态 | 备注 |
| 1 | 0115819 | 000352424 | 第三借阅区/ [索取号:O621.13/15] | 在馆 | |
| 2 | 0115820 | 001954371 | 第三借阅区/ [索取号:O621.13/15] | 在馆 | |
| 3 | 0115821 | 202449065 | 第二样本阅览室/ [索取号:O621.13/15] | 在馆 | |
| 4 | 0241432 | 000352442 | 第三借阅区/ [索取号:O621.13/15] | 在馆 | |
| 5 | 0241433 | 000352433 | 第三借阅区/ [索取号:O621.13/15] | 在馆 | |
| 6 | 0241434 | 000352415 | 第三借阅区/ [索取号:O621.13/15] | 在馆 | |
| 7 | 0241435 | 000352406 | 第三借阅区/ [索取号:O621.13/15] | 在馆 | |
| 8 | 0241436 | 000352399 | 第三借阅区/ [索取号:O621.13/15] | 在馆 |